<?xml version="1.0" encoding="UTF-8"?>
<marc:record xmlns:marc="http://www.loc.gov/MARC21/slim">
   <marc:leader>00000nam a2200000 a 4500</marc:leader>
   <marc:datafield ind1="1" ind2=" " tag="100">
      <marc:subfield code="a">Janz, Oliver</marc:subfield>
      <marc:subfield code="4">aut</marc:subfield>
      <marc:subfield code="e">Verfasser/-in</marc:subfield>
   </marc:datafield>
   <marc:datafield ind1=" " ind2=" " tag="653">
      <marc:subfield code="a">Weltkrieg &lt;1914-1918&gt;</marc:subfield>
   </marc:datafield>
   <marc:datafield ind1=" " ind2=" " tag="653">
      <marc:subfield code="a">Geschichte</marc:subfield>
   </marc:datafield>
   <marc:datafield ind1="0" ind2="0" tag="245">
      <marc:subfield code="a">14 - Der große Krieg</marc:subfield>
   </marc:datafield>
   <marc:datafield ind1="0" ind2="0" tag="245">
      <marc:subfield code="c">Oliver Janz</marc:subfield>
   </marc:datafield>
   <marc:datafield ind1=" " ind2="1" tag="264">
      <marc:subfield code="a">Frankfurt am Main</marc:subfield>
      <marc:subfield code="b">Campus-Verl.</marc:subfield>
      <marc:subfield code="c">2013</marc:subfield>
   </marc:datafield>
   <marc:datafield ind1="1" ind2=" " tag="520">
      <marc:subfield code="a">1914 bebte die Welt. Eine historische Katastrophe mit Kollateralschäden, die bis in die Gegenwart wirken. Was wissen wir über den Ersten Weltkrieg? Westfront, Schützengräben, Verdun - und sonst? Der Historiker Oliver Janz zeigt den "großen Krieg" erstmals als globales Ereignis, das auf dem Balkan begann und mit 1918 nicht zu Ende war. Feldpostbriefe, Berichte aus dem Frontbordell, Episoden eines Lokalreporters und einer Kämpferin aus Schanghai, die Slogans der Propaganda oder der Widerstand von Intellektuellen und Wissenschaftlern wie Albert Einstein. Dieses Kriegsbild hat viele Gesichter und neben der politischen und ökonomischen auch eine menschliche Dimension. Janz' neue Perspektive wird Ihr Bild des Ersten Weltkriegs verändern. (Verlagstext)</marc:subfield>
   </marc:datafield>
   <marc:datafield ind1=" " ind2=" " tag="020">
      <marc:subfield code="a">9783593395890</marc:subfield>
      <marc:subfield code="9">9783593395890</marc:subfield>
   </marc:datafield>
   <marc:datafield ind1=" " ind2=" " tag="020">
      <marc:subfield code="a">3593395894</marc:subfield>
      <marc:subfield code="9">3593395894</marc:subfield>
   </marc:datafield>
   <marc:datafield ind1=" " ind2=" " tag="041">
      <marc:subfield code="a">ger</marc:subfield>
   </marc:datafield>
   <marc:datafield ind1=" " ind2=" " tag="300">
      <marc:subfield code="a">415 S.</marc:subfield>
   </marc:datafield>
</marc:record>
